| 000 | 01170nam a2200217 a 4500 | ||
|---|---|---|---|
| 001 | 57858 | ||
| 005 | 20180714054222.0 | ||
| 008 | 140415s1989 mx 000 0 spa d | ||
| 020 | _a9682924669 | ||
| 041 | _aspa | ||
| 082 |
_a972.004 _bOCH |
||
| 100 | 1 | _aOCHOA, LORENZO | |
| 245 | 1 | 0 |
_aHUAXTECOS Y TOTONACOS : _bUNA ANTOLOGIA HISTORICO - CULTURAL |
| 250 | _a1a ed. | ||
| 260 |
_aMEXICO : _bCONSEJO NACIONAL PARA LA CULTURA Y LAS ARTES, _c1989 |
||
| 300 |
_a207 _c13.3 x 1.7 x 21 |
||
| 490 | _aPASO DEL NORTE | ||
| 500 | _aLORENZO OCHOA HACE LA PRESENTACIÓN, INTRODUCCION Y SELECCION | ||
| 520 | _aANTOLOGIA DIRIGIDA A UN PUBLICO NO ESPECIALIZADO . CONTIENE DISTINTOS TEXTOS SOBRE LA HISTORIA Y LA CULTURA DE HUAXTECOS Y TOTONACOS . EL PROPOSITO DE ESTE LIBRO ES AYUDAR A ENTENDER LA REALIDAD PRESENTE A TRAVES DE SUS TRANSFORMACIONES . TRATANDO DE LOGRAR MAS QUE UNA COLECCION DE ESCRITOS DESARTICULADOS, EL AUTOR INCLUYE TEXTOS REFERENTES A TEPEHUAS, OTOMIS Y NAHUAS AVECINADOS ENTRE HUAXTECOS Y TOTONACOS Y AUN MAS OLVIDADDOS QUE ELLOS. | ||
| 650 | 1 | 4 |
_aINDIGENAS DE MEXICO _xHISTORIA _xHUAXTECOS _xMEXICO _xHISTORIA _xINDIGENAS DE MEXICO _xVERACRUZ |
| 999 |
_c57858 _d57858 |
||